Datum a čas kvízu

28.5 Celkem bodů Celkový počet nahraných bodů na tomto kvízu bez doplňovacích otázek.
4. Pořadí na kvízu Konečné umístění týmu na tomto kvízu.

Zaznamenané odpovědi

# Otázka Odpověď Body Výsledky
1. Dopravní podnik hlavního města... o bezkontaktní platební terminály 0
2. Okázalé zahájení návštěvy seve... Strojvůdce přejel místo, kde byl připraven červený koberec. 1
3. Hlavní roli v pětadvacátém fil... Rami Malek 1
4. Osm sdílených elektrických kol... Do systému se nabourala skupina hackerů. 0
5. Známý český výrobce sportovníh... Alpine Pro 1
6. Na obrázku vidíme jedno z nejs... Frísko 0
7. Jak se jmenuje bývalá nizozems... Beatrix 1
8. Nizozemsko se může pyšnit slav... brambory 0
9. Nadnárodní společnost, která s... Ahold 1
10. Mezi nejoblíbenější sporty v N... PSV Eindhoven 0